Scholastic dynamath

Accompanied by separately paged Teachers' edition.

Bibliographic Details
Format: Electronic Journal
Language:English
Published: New York, NY : Scholastic Inc., ©1982-
Subjects:
Online Access:Full text available from Research Library: 02/01/1998 to 05/31/2015

MARC

LEADER 00000nas a22000007a 4500
001 ssj0012688
003 WaSeSS
005 20200512172242.0
006 m d
007 cr n
008 820513c19829999nyumn p s 0 a0eng d
010 |a sn 82003118  
022 |l 0732-7773  |y 0732-7773 
032 |a 682990  |b USPS 
035 |a (WaSeSS)ssj0012688 
037 |b Scholastic Dynamath, 902 Sylvan Ave., Englewood Cliffs, NJ 07632 
040 |a NSD  |b eng  |c NSD  |d NST  |d AU@  |d OCLCQ  |d CUS  |d OCLCF  |d JDP  |d OCLCQ  |d WaSeSS 
042 |a nsdp 
050 1 4 |a QA135.5 
222 0 |a Scholastic dynamath 
245 0 0 |a Scholastic dynamath  |h [electronic resource]. 
246 1 7 |a Dynamath 
260 |a New York, NY :  |b Scholastic Inc.,  |c ©1982- 
310 |a Monthly (Sept.-May) 
362 0 |a Vol. 1, no. 1 (Sept. 1982)- 
500 |a Title from cover. 
506 |a License restrictions may limit access. 
520 |a Accompanied by separately paged Teachers' edition. 
650 0 |a Mathematics  |x Study and teaching (Elementary)  |v Periodicals. 
650 7 |a Mathematics  |x Study and teaching (Elementary)  |2 fast  |0 (OCoLC)fst01012272 
655 0 |a Electronic journals. 
850 |a ArU  |a CaBVaU  |a OCU 
856 4 0 |z Full text available from Research Library: 02/01/1998 to 05/31/2015  |u https://search.proquest.com/publication/5306